00437 2200157 4500001002100000008004100021035002000062245004100082100002500123260003800148300002100186082001200207650003400219990001300253990001300266INLIS000000000000365 ind  a0010-0322000365 aAKU BANGGA MENJADI ANGGOTA DPRcIKHA aASROFUDIN NUR WIDODO aJAKARTAbARMANDELTA SELARASc2015 a100 hlm.c25 cm. a297.622 aPOLITIK - SISTEM PEMERINTAHAN a102602-1 a102602-2